000 004810000a22001690004500
041 0 _aSPA
082 0 4 _aG 266.0092 T2381v
100 1 _aTaylor, Howard
245 1 0 _aSangre y semilla : O el triunfo de John y Betty Stam / Howard Taylor ; C. P. Denyer, Traductor
260 _aSan José, Costa Rica : Caribe
300 _a154 Pag
001 7518
942 _cBK
999 _c37729
_d37729
336 _atexto
_btxt
_2rdacontent
337 _2rdamedia
_asin mediación
_bn
338 _2rdacarrier
_avolumen
_bnc